1002 1659 1030 1938 1539 1081 1370 1475 1228 1337 1360 1217 1274 1449 1521 1502 1845 1337 1339 1958 1525 1319 1256 1493 1447 1380 1608 1649 1081 1680 1686 1125 1342 1407 1738 1560 1404 1158 1673 1144 1482 1927 1122 1972 1673 1807 1832 1891 1395 1857 1663 1396 1295 1728 1206 1088 1397 1778 1589 1724 1400 1622 1462 1406 1811 1991 1679 1541 1941 1943 1140 1835 1045 1056 1361 1897 1310 1993 1032 1630 1662 1317 1006 1314 1126 1094 1288 1805 1541 1968 1642 1663 1384 1725 1054 1259 1977 1056 1435 BCNSPRNW ULIB Ver.6.0+V

เปลี่ยนเป็นภาษาไทย

Change to English
 แสดงรายละเอียดบรรณานุกรม
  กลับหน้าหลัก

Brief Record : Get Marc (ISO 2709) : E-mail record : QR code < ปิดหน้าต่าง
LEADER : 00000nam a2200000 a 4500
001    13399128096
003     ULIB
008    220326s2564 th a b 001 0 tha d
020    ^a9786165862097
040    ^abpy
060 04 ^aW20.55.S2^bส867ก
100 0  ^aสุรีย์พันธุ์ วรพงศธร
245 10 ^aการกำหนดขนาดตัวอย่างสำหรับงานวิจัยทางวิทยาศาสตร์สุขภาพ /^cสุรีย์พันธุ์วรพงศธร
250    ^aพิมพ์ครั้งที่ 1
260    ^aเชียงใหม่ :^bวนิดาการพิมพ์,^c2564
300    ^aก-ถ, 308 หน้า :^bภาพประกอบ ;^c26 ซม.
504    ^aมีบรรณานุกรมและดัชนี
505 0  ^aความรู้พื้นฐานในการแจกแจงความน่าจะเป็นของตัวแปรสุ่ม --การกำหนดขนาดตัวอย่างสำหรับงานวิจัยแบบสำรวจ --การกำหนดขนาดตัวอย่างสำหรับงานวิจัยแบบทดลอง --การกำหนดขนาดตัวอย่างโดยใช้โปรแกรมสำเร็จรูป --ข้อผิดพลาดในการใช้วิธีเลือกตัวอย่างและคำนวณขนาดตัวอย่างในงานวิจัย
650  4 ^aวิทยาศาสตร์สุขภาพ^xวิจัย
650  4 ^aวิจัย^xกลุ่มตัวอย่าง
945    ^p399^l0^i29321
945    ^p399^l0^i29322
945    ^p399^l0^i29323
945    ^p399^l0^i29324
945    ^p399^l0^i29325
995    ^aกัณชพร จุลอักษร
999    ^aกัณชพร
รายการนี้ยังไม่มีแท็ก
คุณยังไม่ได้ล็อกอิน คุณสามารถมีกิจกรรมร่วมกับเว็บไซต์ได้ แต่ต้องล็อกอินก่อน ::
  ล็อกอิน

รายการสื่อสารสนเทศ

ลำดับที่ ประเภท เลขเรียก/บาร์โค้ด สถานที่ สถานะ
1. หนังสือสำรอง
หนังสือสำรอง
W20.55.S2 ส867ก ฉ.1 
  Barcode: 29321
ห้องสมุดวิทยาเขตนครสวรรค์
►หนังสือทั่วไป:l:General Books
บนชั้น
2. วิทยาศาสตร์การแพทย์ และสุขภาพ
วิทยาศาสตร์การแพทย์ และสุขภาพ
W20.55.S2 ส867ก ฉ.2 
  Barcode: 29322
ห้องสมุดวิทยาเขตนครสวรรค์
►หนังสือทั่วไป:l:General Books
บนชั้น
3. วิทยาศาสตร์การแพทย์ และสุขภาพ
วิทยาศาสตร์การแพทย์ และสุขภาพ
W20.55.S2 ส867ก ฉ.3 
  Barcode: 29323
ห้องสมุดวิทยาเขตนครสวรรค์
►หนังสือทั่วไป:l:General Books
บนชั้น
4. วิทยาศาสตร์การแพทย์ และสุขภาพ
วิทยาศาสตร์การแพทย์ และสุขภาพ
W20.55.S2 ส867ก ฉ.4 
  Barcode: 29324
ห้องสมุดวิทยาเขตนครสวรรค์
►หนังสือทั่วไป:l:General Books
บนชั้น
5. วิทยาศาสตร์การแพทย์ และสุขภาพ
วิทยาศาสตร์การแพทย์ และสุขภาพ
W20.55.S2 ส867ก ฉ.5 
  Barcode: 29325
ห้องสมุดวิทยาเขตนครสวรรค์
►หนังสือทั่วไป:l:General Books
บนชั้น

รายการใกล้เคียง
    ผู้แต่ง [สุรีย์พันธุ์ วรพงศธร]

BibComment


ยังไม่เคยถูกคอมเมนท์

คอมเมนท์ทรัพยากรรายการนี้
  คอมเมนท์: การกำหนดขนาดตัวอ..


 Copyright 2026. Bcnsprnw @Library